Jane Austen characters - Statistics

General Stats
  • This quiz has been taken 613 times
  • The average score is 7 of 15
Answer Stats
Hint Answer % Correct
The youngest Bennet sister Lydia
89%
Mr Darcy's sister Georgiana
77%
Mr Collins's fiancée Charlotte Lucas
62%
Elinor, Marianne, and.... Margaret
62%
Colonel Brandon's first love Eliza
54%
Emma's poor friend Harriet Smith
50%
Catherine Morland's love interest Henry Tilney
47%
Anne Elliot's unmarried sister Elizabeth
45%
Jane Fairfax's talkative spinster aunt Miss Bates
43%
Edward Ferrars' brother Robert Ferrars
42%
Henry Crawford's sister Mary Crawford
41%
She flirts with James Morland and Captain Tilney Isabella
34%
Anne Eliot's beloved Frederick Wentworth
33%
He is Sir Walter's heir William Elliot
19%
Fanny Price's two female cousins Julia and Maria
9%
No matching quizzes found
Score Distribution
Percent of People with Each Score
Percentile by Number Answered
Your Score History
You have not taken this quiz